Premeny a prevody smrekových monokultúr na Kysuciach po polstoročí

Bibliographic Details
Main Author: Štefančík, Igor, 1960- (Author)
Format: Article
Language:Slovak
PhysicalDescription:Tab.
ISSN:1337-088X
Subjects:

MARC

LEADER 00000nab a2200000 a 4500
001 vtls008998975
003 SK-MaSNL
005 20260304172857.0
008 250526c2007 xo |||||||||||000 b|slo
015 |a SNBRB2007/06  |2 snkbucl 
035 |a (uuid)e963c635-3abe-4813-9515-04f456a22fcf 
035 |a urn:nbn:sk:snk-ab10dv 
035 |a (urnnbn)urn:nbn:sk:snk:ar-005boo 
038 |a SNKBUCL 
040 |a SNKBUCL  |b slo  |c SNKBUCL  |e AACR2 
041 0 |a slo 
044 |a xo  |c SK 
080 |a 630*2  |x (437.6)  |2 1997 
100 1 |a Štefančík, Igor,  |d 1960-  |4 aut  |9 54215 
245 1 0 |a Premeny a prevody smrekových monokultúr na Kysuciach po polstoročí  |c Igor Štefančík 
300 |b Tab. 
650 0 7 |a smrek  |2 snkbucl  |9 56948 
650 0 7 |a smrekové porasty  |2 snkbucl  |9 29335 
650 0 7 |a monokultúry  |2 snkbucl  |9 20620 
650 0 7 |a výchova lesných porastov  |2 snkbucl  |9 476245 
650 0 7 |a obnova lesa  |2 snkbucl  |9 100062 
651 7 |a Kysuce (Slovensko : región)  |2 snkbucl  |9 165903 
773 0 |t Les & Slovenské lesokruhy  |g Roč. 63/6, č. marec - apríl (2007), s. 13-15  |x 1337-088X 
850 |a Slovenská národná knižnica 
852 |a Slovenská národná knižnica 
954 |a odborná, vedecká literatúra pôvodná (slovenská)  |2 lita 
958 |a ONDV 
958 |a article2022 
958 |a SK 
999 |c 3000490  |d 3002420